Wiley not-for-profit GAAP 2011 (Record no. 246790)
[ view plain ]
| 000 -LEADER | |
|---|---|
| fixed length control field | 01673nam a2200349 a 4500 |
| 082 04 - DEWEY DECIMAL CLASSIFICATION NUMBER | |
| Classification number | 657.98021873 |
| 100 1# - MAIN ENTRY--AUTHOR NAME | |
| Personal name | Larkin, Richard F. |
| 245 10 - TITLE STATEMENT | |
| Title | Wiley not-for-profit GAAP 2011 |
| 260 ## - PUBLICATION, DISTRIBUTION, ETC. (IMPRINT) | |
| Place of publication | Hoboken, N.J. : |
| Name of publisher | Wiley, |
| Year of publication | c2011. |
| 300 ## - PHYSICAL DESCRIPTION | |
| Number of Pages | 504 p. : |
| Other physical details | forms. |
| 500 ## - GENERAL NOTE | |
| General note | Includes index. |
| 505 0# - FORMATTED CONTENTS NOTE | |
| Formatted contents note | pt. 1. Overivew of not-for-profit organization -- pt. 2. Basic financial statements -- pt. 3. Specific not-for-profit accounting topics -- pt. 4. Other accounting-related not-for-profit topics -- pt. 5. General accounting topics applied to not-for-profit organizations. |
| 650 #0 - SUBJECT ADDED ENTRY--TOPICAL TERM | |
| Topical Term | Nonprofit organizations |
| Topical Term | Accounting |
| 700 1# - ADDED ENTRY--PERSONAL NAME | |
| Personal name | DiTommaso, Marie. |
| 856 40 - ELECTRONIC LOCATION AND ACCESS | |
| Uniform Resource Identifier | http://site.ebrary.com/lib/rucke/Doc?id=10444373 |
No items available.
